000
00329 a2200157 4500
001
177283
020
_a
040
_c
Magnum
100
_a
Barbiere, Maro
240
1
0
_a
A caneta falante
_l
por
245
1
0
_a
A caneta falante
362
0
_a
1899
440
1
_a
Ática
697
_a
MAGNITO: IJ/AVENTURA, CRIANCAS
942
_c
BK
999
_c
177283
_d
177283